000 00534nam a2200217Ia 4500
005 20250425162706.0
008 250425s9999 xx 000 0 und d
041 _aeng
082 _a616.07581
100 _aROBINSON, ASHLEY
245 0 _aBACTERIAL POPULATION GENETICS IN INFECTIOUS DISEASE
250 _aS.E
260 _aEstados Unidos
_bWILEY-BLACKWELL
_c2010
260 _aNEW YORK
300 _a420
650 _aBACTERIAS
700 _aFALUSH, DANIEL
700 _aFEIL, EDWARD J
942 _c01
010 _a97079
999 _c234479
_d234479